000 00962nmc a2200349 a 4500
003 AR-BaBNM
005 20251128202741.0
008 307019s1967 ||||||||||||||000 | spa||
040 _cAR-BaBNM
100 1 _aChamberlin, William Henry
245 1 0 _aLa revolución rusa 1917-1921
250 _a1ª ed.
260 _aBuenos Aires
_bSiglo XX
_c1967
300 _a394 p.
_bláms., il.tablas
490 0 _aLas grandes revoluciones de la historia
_vv. 3
500 _aTabla cronológica p. 355-367
504 _aContiene bibliografía para consultar p. 371-390
650 4 _aREVOLUCION
650 4 _aSOCIALISMO
650 4 _aCOMUNISMO
650 4 _aREVOLUCION
650 4 _aDISTURBIOS CIVILES
650 4 _aGUERRA CIVIL
650 4 _aMOVIMIENTOS REVOLUCIONARIOS
650 4 _aPROBLEMAS SOCIALES
650 4 _aECONOMIA
650 4 _aSOCIEDAD
653 _aSUBVERSION
700 1 _aLeal, Aníbal
_etraductor
942 _cBK
998 _cmariana
999 _c398
_d398